[Event "Astana Zhuldyzdary op-A"]
[Site "Astana"]
[Date "2023.07.15"]
[Round "7"]
[White "Kozganbay, Erkin"]
[Black "Ohanyan, Emin"]
[Result "1/2-1/2"]
[WhiteElo "2337"]
[BlackElo "2489"]
[PlyCount "65"]
[EventDate "2023.07.11"]
[EventType "swiss"]
[EventRounds "10"]
[EventCountry "KAZ"]
[SourceTitle "CBM 215 Extra"]
[Source "ChessBase"]
[SourceDate "2023.09.30"]
[SourceVersion "1"]
[SourceVersionDate "2023.09.30"]
[SourceQuality "1"]

1. Nf3 d5 2. g3 g6 3. Bg2 Bg7 4. d4 c6 5. 0-0 Nf6 6. c4 dxc4 7. a4 Ne4 8. Nc3 Nxc3 9. bxc3 0-0 10. Nd2 Be6 11. Rb1 Qc8 12. Ba3 Re8 13. e4 Nd7 14. Qe2 Nb6 15. a5 Na4 16. Rfc1 b5 17. axb6 axb6 18. Nxc4 Qa6 19. Bf1 Bxc4 20. Qxc4 Qxc4 21. Bxc4 b5 22. Bf1 e6 23. Rc2 Nb6 24. Bc1 Ra4 25. Rb4 Rea8 26. Be3 Bf8 27. Rxa4 bxa4 28. d5 c5 29. dxe6 fxe6 30. Bb5 a3 31. Ra2 c4 32. Bxb6 Rb8 33. Ba5 1/2-1/2

[Event "Astana Zhuldyzdary op-A"]
[Site "Astana"]
[Date "2023.07.15"]
[Round "6"]
[White "Rakhimzhan, Alen"]
[Black "Kozganbay, Erkin"]
[Result "0-1"]
[WhiteElo "2154"]
[BlackElo "2337"]
[PlyCount "80"]
[EventDate "2023.07.11"]
[EventType "swiss"]
[EventRounds "10"]
[EventCountry "KAZ"]
[SourceTitle "CBM 215 Extra"]
[Source "ChessBase"]
[SourceDate "2023.09.30"]
[SourceVersion "1"]
[SourceVersionDate "2023.09.30"]
[SourceQuality "1"]

1. d4 e6 2. c4 b6 3. Nc3 Bb7 4. Qc2 Bb4 5. a3 Bxc3+ 6. bxc3 f5 7. f3 Nf6 8. e3 c5 9. Bd3 Nc6 10. Ne2 Na5 11. 0-0 0-0 12. e4 fxe4 13. fxe4 Ng4 14. Bd2 Qh4 15. h3 Nf2 16. Be1 Nxh3+ 17. gxh3 Rxf1+ 18. Kxf1 Qxh3+ 19. Kg1 Rf8 20. Ng3 Rf3 21. d5 Rxg3+ 22. Bxg3 Qxg3+ 23. Kf1 Ba6 24. Qe2 Bxc4 25. Rd1 b5 26. dxe6 Bxe6 27. Qf2 Qh3+ 28. Qg2 Qe3 29. Qf2 Qh3+ 30. Qg2 c4 31. Be2 Qxc3 32. Bg4 Qf6+ 33. Kg1 Nc6 34. e5 Qxe5 35. Bxe6+ Qxe6 36. Qd5 a5 37. Qxe6+ dxe6 38. Rd6 Ne5 39. Rb6 Nf3+ 40. Kf2 Nd4 0-1

[Event "Astana Zhuldyzdary op-A"]
[Site "Astana"]
[Date "2023.07.14"]
[Round "5"]
[White "Kozganbay, Erkin"]
[Black "Aditya, Mittal"]
[Result "0-1"]
[WhiteElo "2337"]
[BlackElo "2563"]
[PlyCount "66"]
[EventDate "2023.07.11"]
[EventType "swiss"]
[EventRounds "10"]
[EventCountry "KAZ"]
[SourceTitle "CBM 215 Extra"]
[Source "ChessBase"]
[SourceDate "2023.09.30"]
[SourceVersion "1"]
[SourceVersionDate "2023.09.30"]
[SourceQuality "1"]

1. Nf3 d5 2. g3 Bg4 3. Bg2 c6 4. c4 e6 5. cxd5 Bxf3 6. Bxf3 cxd5 7. 0-0 Nc6 8. d4 f5 9. Nc3 Bd6 10. e3 Nf6 11. Bd2 g5 12. e4 fxe4 13. Bh5+ Nxh5 14. Qxh5+ Kd7 15. Bxg5 Qe8 16. Qh3 Qg6 17. Be3 Ne7 18. f3 exf3 19. Rxf3 Raf8 20. Raf1 Rxf3 21. Rxf3 h5 22. Bf4 Rf8 23. Qf1 Rxf4 24. Rxf4 Bxf4 25. Qxf4 Qd3 26. Qf6 b5 27. a3 a5 28. Qe5 b4 29. axb4 axb4 30. Ne2 Qb1+ 31. Kg2 Qxb2 32. Kh3 Qb1 33. Qb8 Qf1+ 0-1

[Event "Almaty op"]
[Site "Almaty"]
[Date "2017.10.08"]
[Round "6"]
[White "Burmakin, Vladimir"]
[Black "Kozganbay, Erkin"]
[Result "1/2-1/2"]
[WhiteElo "2515"]
[BlackElo "2342"]
[PlyCount "94"]
[EventDate "2017.10.03"]
[EventType "swiss"]
[EventRounds "9"]
[EventCountry "KAZ"]
[SourceTitle "CBM 181 Extra"]
[Source "ChessBase"]
[SourceDate "2017.12.12"]
[SourceVersion "1"]
[SourceVersionDate "2017.12.12"]
[SourceQuality "1"]

1. d4 f5 2. g3 g6 3. Nh3 Bg7 4. Nf4 Nc6 5. c3 e5 6. dxe5 Nxe5 7. Bg2 Nf6 8. h4 c6 9. Nd2 d5 10. Qb3 Ne4 11. Bxe4 fxe4 12. c4 dxc4 13. Nxc4 Nxc4 14. Qxc4 Qd4 15. Qb3 Qb6 16. Qc4 Qd4 17. Qb3 Qf6 18. 0-0 Qf7 19. Qe3 Bf5 20. Bd2 0-0 21. Bc3 Rfd8 22. Bxg7 Qxg7 23. Qb3+ Qf7 24. Qxf7+ Kxf7 25. Rfd1 h6 26. Ng2 Be6 27. Kf1 Ke7 28. Rxd8 Rxd8 29. Ke1 Rd5 30. Ne3 Rb5 31. Nd1 Kf6 32. Kd2 Ke5 33. Ke3 Rb4 34. f3 c5 35. Rc1 b6 36. a3 Rb3+ 37. Rc3 exf3 38. exf3 Rxc3+ 39. Nxc3 Bd7 40. g4 a5 41. Ne4 Bc6 42. f4+ Kd5 43. g5 hxg5 44. fxg5 Ke5 45. Nf6 Kf5 46. Kd3 b5 47. a4 Ke5 1/2-1/2

[Event "Wch U20 53rd"]
[Site "Pune"]
[Date "2014.10.19"]
[Round "13"]
[White "Kozganbay, Erkin"]
[Black "Krishna Teja, N."]
[Result "1/2-1/2"]
[WhiteElo "2328"]
[BlackElo "2049"]
[PlyCount "39"]
[EventDate "2014.10.06"]
[EventType "swiss"]
[EventRounds "13"]
[EventCountry "IND"]
[SourceTitle "EXT 2015"]
[Source "ChessBase"]
[SourceDate "2014.11.20"]
[SourceVersion "1"]
[SourceVersionDate "2014.11.20"]
[SourceQuality "1"]

1. Nf3 Nf6 2. g3 g6 3. b3 b6 4. Bg2 Bb7 5. Bb2 Bg7 6. c4 c5 7. 0-0 0-0 8. d4 cxd4 9. Qxd4 d6 10. Qe3 Nbd7 11. Nc3 Rb8 12. Rfd1 Nc5 13. Rac1 Ng4 14. Qf4 h5 15. Rc2 Bh6 16. Qd4 Ne6 17. Qd3 Nc5 18. Qd4 Ne6 19. Qd3 Nc5 20. Qd4 1/2-1/2

[Event "Wch U20 53rd"]
[Site "Pune"]
[Date "2014.10.18"]
[Round "12"]
[White "Kumaran, Bajali"]
[Black "Kozganbay, Erkin"]
[Result "1-0"]
[WhiteElo "2239"]
[BlackElo "2328"]
[PlyCount "117"]
[EventDate "2014.10.06"]
[EventType "swiss"]
[EventRounds "13"]
[EventCountry "IND"]
[SourceTitle "EXT 2015"]
[Source "ChessBase"]
[SourceDate "2014.11.20"]
[SourceVersion "1"]
[SourceVersionDate "2014.11.20"]
[SourceQuality "1"]

1. b3 b6 2. Bb2 Bb7 3. Nf3 e6 4. c4 c5 5. g3 Nf6 6. Bg2 Be7 7. 0-0 0-0 8. Nc3 a6 9. Re1 d6 10. d4 cxd4 11. Qxd4 Qc7 12. Rac1 Nbd7 13. e4 Rac8 14. Ba3 Qb8 15. Rcd1 Nc5 16. e5 Bxf3 17. Bxf3 dxe5 18. Qxe5 Qxe5 19. Rxe5 Ncd7 20. Bxe7 Nxe5 21. Bb7 Rc7 22. Bxf8 Rxb7 23. Rd8 Nc6 24. Rc8 Rb8 25. Rxc6 Kxf8 26. Na4 Nd7 27. c5 bxc5 28. Rxa6 c4 29. bxc4 Rc8 30. Kg2 Rxc4 31. Ra8+ Ke7 32. Ra7 Rc6 33. Nb2 Kd6 34. a4 Rc7 35. Ra6+ Kd5 36. Nd3 e5 37. a5 f6 38. Ra8 Kc4 39. Ne1 Kb5 40. Nf3 Nc5 41. g4 Ne6 42. Nd2 Nf4+ 43. Kf3 Rc3+ 44. Ke4 Nh3 45. Kf5 Nxf2 46. g5 fxg5 47. a6 Rc7 48. Kxe5 Kb6 49. Kd6 Rc3 50. Ke5 Rc7 51. Kd6 Rc2 52. Nf3 g4 53. Nd4 Rd2 54. Rb8+ Ka7 55. Rb4 Kxa6 56. Kc7 Ka5 57. Nc6+ Ka6 58. Nd4 Rxd4 59. Rxd4 1-0

[Event "Wch U20 53rd"]
[Site "Pune"]
[Date "2014.10.16"]
[Round "10"]
[White "Gajwa, Ankit"]
[Black "Kozganbay, Erkin"]
[Result "0-1"]
[WhiteElo "2110"]
[BlackElo "2328"]
[PlyCount "136"]
[EventDate "2014.10.06"]
[EventType "swiss"]
[EventRounds "13"]
[EventCountry "IND"]
[SourceTitle "EXT 2015"]
[Source "ChessBase"]
[SourceDate "2014.11.20"]
[SourceVersion "1"]
[SourceVersionDate "2014.11.20"]
[SourceQuality "1"]

1. e4 e5 2. Nf3 Nc6 3. Bb5 a6 4. Ba4 Nge7 5. c3 g6 6. d4 exd4 7. cxd4 b5 8. Bc2 d5 9. exd5 Nb4 10. Bb3 Nbxd5 11. 0-0 Bg7 12. Nc3 0-0 13. Bg5 Nf6 14. Re1 Bb7 15. Rc1 Qd6 16. Ne5 Nf5 17. Bxf6 Bxf6 18. Ne4 Bxe4 19. Rxe4 a5 20. Rc6 Qd8 21. Rc5 a4 22. Bd5 Ra6 23. Bc6 Bxe5 24. Rexe5 Nxd4 25. Rcd5 Qf6 26. Bxb5 Nxb5 27. Rxb5 Rd6 28. Qf3 c6 29. Rbc5 Rb8 30. b3 axb3 31. axb3 Qxf3 32. gxf3 Rxb3 33. Re3 Rxe3 34. fxe3 Kf8 35. Kf2 Ke7 36. e4 Kd7 37. Ke3 Rd1 38. Rc2 Kd6 39. Ke2 Ra1 40. Ke3 h5 41. Kf4 Ra5 42. e5+ Kd7 43. h4 Rd5 44. Ke4 Rd1 45. Kf4 Rd5 46. Ke4 Ra5 47. Kf4 Kc7 48. Re2 Kd7 49. Rc2 Rb5 50. Rd2+ Ke7 51. Rc2 c5 52. Kg5 Ke6 53. f4 Ra5 54. Rc1 Kd5 55. Kf6 Ra7 56. Rd1+ Ke4 57. Rc1 Rc7 58. Rc4+ Kd3 59. Rc1 c4 60. f5 gxf5 61. Kxf5 c3 62. Kg5 Rc5 63. Kf6 c2 64. Rg1 Kd2 65. Rg2+ Kc3 66. Rg1 Kb2 67. Kxf7 Rxe5 68. Kf6 Rc5 0-1

[Event "Wch U20 53rd"]
[Site "Pune"]
[Date "2014.10.14"]
[Round "8"]
[White "Vokhidov, Shamsiddin"]
[Black "Kozganbay, Erkin"]
[Result "1/2-1/2"]
[WhiteElo "2119"]
[BlackElo "2328"]
[PlyCount "113"]
[EventDate "2014.10.06"]
[EventType "swiss"]
[EventRounds "13"]
[EventCountry "IND"]
[SourceTitle "EXT 2015"]
[Source "ChessBase"]
[SourceDate "2014.11.20"]
[SourceVersion "1"]
[SourceVersionDate "2014.11.20"]
[SourceQuality "1"]

1. e4 e5 2. Nf3 Nc6 3. Bb5 a6 4. Ba4 Nge7 5. c3 g6 6. d4 exd4 7. cxd4 b5 8. Bb3 Bg7 9. 0-0 0-0 10. Nc3 Na5 11. Bc2 d6 12. h3 c5 13. Bf4 Nc4 14. b3 Na3 15. Bd3 Bb7 16. Rc1 Rc8 17. Qd2 cxd4 18. Ne2 Nc6 19. Bh6 Bxh6 20. Qxh6 Qf6 21. Qd2 b4 22. Nh2 Ne5 23. Ng4 Nxg4 24. hxg4 a5 25. g5 Qg7 26. f4 Rfe8 27. Rxc8 Rxc8 28. Rc1 Rc5 29. Kf2 f6 30. Rxc5 dxc5 31. Qc1 c4 32. Bxc4+ Nxc4 33. Qxc4+ Qf7 34. Qxd4 fxg5 35. Qd8+ Qf8 36. Qxg5 Bxe4 37. Qxa5 Qd6 38. Qe5 Qxe5 39. fxe5 Kf7 40. Ke3 Bxg2 41. Nf4 Bf1 42. Kf2 Ba6 43. Nd5 Bb7 44. Nxb4 Ke6 45. Nd3 Be4 46. Nc5+ Kxe5 47. Nxe4 Kxe4 48. a4 Kd5 49. Kg3 Kc5 50. a5 Kb5 51. b4 h5 52. Kh4 Ka6 53. Kg5 Kb5 54. Kh4 Ka6 55. Kg5 Kb5 56. Kh4 Ka6 57. Kg5 1/2-1/2

[Event "Wch U20 53rd"]
[Site "Pune"]
[Date "2014.10.11"]
[Round "6"]
[White "Roshan, Rangarajan1111"]
[Black "Kozganbay, Erkin"]
[Result "1/2-1/2"]
[WhiteElo "2088"]
[BlackElo "2328"]
[PlyCount "171"]
[EventDate "2014.10.06"]
[EventType "swiss"]
[EventRounds "13"]
[EventCountry "IND"]
[SourceTitle "EXT 2015"]
[Source "ChessBase"]
[SourceDate "2014.11.20"]
[SourceVersion "1"]
[SourceVersionDate "2014.11.20"]
[SourceQuality "1"]

1. e4 e5 2. Nf3 Nc6 3. d4 exd4 4. Bc4 Nf6 5. 0-0 Nxe4 6. Re1 d5 7. Bxd5 Qxd5 8. Nc3 Qh5 9. Nxe4 Be6 10. Bg5 Bd6 11. Nxd6+ cxd6 12. Bf4 Qd5 13. c3 d3 14. Re3 0-0 15. Rxd3 Qb5 16. Bxd6 Rfd8 17. Rd2 Rd7 18. a4 Qf5 19. Nd4 Nxd4 20. Rxd4 Rad8 21. Qd2 Qg6 22. Re1 h6 23. Bg3 Rxd4 24. cxd4 Qg4 25. Be5 Bd5 26. f3 Qd7 27. a5 Bc6 28. Bg3 Qd5 29. Bf2 Rd6 30. Qc3 a6 31. Qc5 Qxc5 32. dxc5 Rd2 33. Rb1 g5 34. h3 f5 35. Be1 Rd5 36. b4 Rd3 37. Kf2 Kf7 38. Rb2 f4 39. Rd2 Re3 40. Rd6 h5 41. Bd2 Rb3 42. Rd4 Ke6 43. Bxf4 gxf4 44. Rxf4 Rb2+ 45. Kg3 Bb5 46. Rh4 Bf1 47. Rxh5 Rxg2+ 48. Kf4 Rb2 49. Rh6+ Kd7 50. Rb6 Kc7 51. h4 Bb5 52. Re6 Rxb4+ 53. Re4 Rb1 54. h5 Rg1 55. h6 Kc6 56. Re7 Bd3 57. Rg7 Re1 58. Rf7 Rg1 59. Rg7 Re1 60. Rf7 Re6 61. Kg5 Re5+ 62. Kg4 Rxc5 63. h7 Bxh7 64. Rxh7 Rxa5 65. Rh6+ Kc7 66. Rh7+ Kb6 67. Rh6+ Ka7 68. f4 Ra1 69. f5 Rg1+ 70. Kf4 a5 71. Re6 a4 72. f6 b5 73. Re3 Rg8 74. Ke4 Kb6 75. f7 Rf8 76. Rf3 a3 77. Rxa3 Rxf7 78. Kd4 b4 79. Ra1 Kb5 80. Kd3 Rc7 81. Kd2 Rh7 82. Rg1 Ka4 83. Kc2 Rh2+ 84. Kb1 Ka3 85. Rg3+ Ka4 86. Rf3 1/2-1/2

[Event "KAZ-ch"]
[Site "Astana"]
[Date "2014.05.10"]
[Round "8"]
[White "Khusnutdinov, Rustam"]
[Black "Kozganbay, Erkin"]
[Result "1/2-1/2"]
[WhiteElo "2495"]
[BlackElo "2362"]
[PlyCount "73"]
[EventDate "2014.05.03"]
[EventType "tourn"]
[EventRounds "11"]
[EventCountry "KAZ"]
[EventCategory "7"]
[SourceTitle "CBM 160 Extra"]
[Source "ChessBase"]
[SourceDate "2014.07.01"]
[SourceVersion "1"]
[SourceVersionDate "2014.07.01"]
[SourceQuality "1"]

1. d4 d6 2. e4 Nf6 3. Nc3 e5 4. Nf3 Nbd7 5. Bc4 Be7 6. 0-0 0-0 7. Re1 a6 8. a4 b6 9. b3 c6 10. Bb2 Qc7 11. Bd3 Re8 12. Ne2 Bf8 13. Ng3 Bb7 14. Qd2 g6 15. c4 exd4 16. Nxd4 d5 17. cxd5 cxd5 18. Rac1 Qd8 19. Nc6 Bxc6 20. Rxc6 Ne5 21. Bxe5 Rxe5 22. Qc3 Nd7 23. exd5 Bg7 24. Qc1 Rxe1+ 25. Qxe1 Ne5 26. Rc3 Qxd5 27. Be4 Qe6 28. Qd1 Re8 29. Rc7 h5 30. h3 Bf6 31. Qd5 h4 32. Ne2 Qxd5 33. Bxd5 Rd8 34. Nc3 Rd7 35. Rxd7 Nxd7 36. Ne4 Be7 37. Kf1 1/2-1/2

[Event "KAZ-ch"]
[Site "Astana"]
[Date "2014.05.08"]
[Round "6"]
[White "Aitbayev, Aslan"]
[Black "Kozganbay, Erkin"]
[Result "1-0"]
[WhiteElo "2420"]
[BlackElo "2362"]
[PlyCount "51"]
[EventDate "2014.05.03"]
[EventType "tourn"]
[EventRounds "11"]
[EventCountry "KAZ"]
[EventCategory "7"]
[SourceTitle "CBM 160 Extra"]
[Source "ChessBase"]
[SourceDate "2014.07.01"]
[SourceVersion "1"]
[SourceVersionDate "2014.07.01"]
[SourceQuality "1"]

1. e4 c5 2. Nf3 Nc6 3. d4 cxd4 4. Nxd4 Qb6 5. Nb3 Nf6 6. Nc3 e6 7. Bd3 a6 8. Qe2 Qc7 9. f4 d6 10. 0-0 b5 11. Bd2 Be7 12. Kh1 0-0 13. Rae1 b4 14. Nd1 a5 15. e5 dxe5 16. fxe5 Ne8 17. Qe4 g6 18. Bh6 Ng7 19. Nf2 Rd8 20. Bxg7 Kxg7 21. Ng4 Bg5 22. h4 Bxh4 23. Qf4 Qe7 24. Be4 Bb7 25. Nc5 Qxc5 26. Qh6+ 1-0

[Event "Astana"]
[Site "Astana"]
[Date "2012.07.18"]
[Round "3"]
[White "Khamrakulov, Djurabek"]
[Black "Kozganbay, Erkin"]
[Result "0-1"]
[WhiteElo "2454"]
[BlackElo "2318"]
[PlyCount "114"]
[EventDate "2012.07.18"]
[EventType "tourn"]
[EventRounds "10"]
[EventCountry "KAZ"]
[SourceTitle "EXT 2024"]
[Source "ChessBase"]
[SourceDate "2023.10.10"]
[SourceVersion "1"]
[SourceVersionDate "2023.10.10"]
[SourceQuality "1"]

1. e4 c5 2. c3 Nf6 3. e5 Nd5 4. Nf3 Nc6 5. d4 cxd4 6. cxd4 d6 7. Bc4 dxe5 8. dxe5 Ndb4 9. Qxd8+ Kxd8 10. Na3 Bg4 11. Bf4 e6 12. Ng5 Bh5 13. 0-0 a6 14. Rac1 Bg6 15. Rfe1 Kc7 16. Rc3 Be7 17. Ne4 Rad8 18. Nd6 Bxd6 19. exd6+ Kd7 20. Rb3 Rb8 21. Bd2 Nd5 22. Bxd5 exd5 23. Rd1 b5 24. Rg3 Rbe8 25. Nb1 d4 26. h3 Re2 27. Bf4 Rxb2 28. Nd2 Rxa2 29. Nb3 Rc2 30. Nxd4 Nxd4 31. Rxd4 Re8 32. Ra3 Rc6 33. f3 Bf5 34. Kf2 Be6 35. Bd2 Bc4 36. g4 Re5 37. Bb4 Re2+ 38. Kg3 Rb2 39. Ba5 Rxd6 40. Rxd6+ Kxd6 41. Bc3 Ra2 42. Rxa2 Bxa2 43. Bxg7 Kd5 44. Kf4 Bb1 45. Kg5 b4 46. Kf6 a5 47. Kxf7 a4 48. f4 Bg6+ 49. Kg8 a3 50. f5 b3 51. fxg6 hxg6 52. h4 b2 53. h5 gxh5 54. gxh5 b1Q 55. h6 Ke6 56. h7 Qb8+ 57. Bf8 Qf4 0-1

[Event "Astana"]
[Site "Astana"]
[Date "2012.07.18"]
[Round "5"]
[White "Kozganbay, Erkin"]
[Black "Akhmetov, Ayan"]
[Result "1-0"]
[WhiteElo "2318"]
[BlackElo "2286"]
[PlyCount "119"]
[EventDate "2012.07.18"]
[EventType "tourn"]
[EventRounds "10"]
[EventCountry "KAZ"]
[SourceTitle "EXT 2024"]
[Source "ChessBase"]
[SourceDate "2023.10.10"]
[SourceVersion "1"]
[SourceVersionDate "2023.10.10"]
[SourceQuality "1"]

1. e4 c5 2. Nf3 d6 3. d4 cxd4 4. Nxd4 Nf6 5. Nc3 a6 6. Bc4 e6 7. Bb3 Nbd7 8. Bg5 Nc5 9. Qe2 Be7 10. f4 h6 11. Bxf6 Bxf6 12. 0-0-0 Qc7 13. Kb1 Bd7 14. Rhe1 Bxd4 15. Rxd4 0-0-0 16. Red1 Bc6 17. a3 Kb8 18. Ba2 b5 19. Qf2 a5 20. Qe2 Qb6 21. Rxd6 Rxd6 22. Rxd6 Kc7 23. e5 b4 24. axb4 axb4 25. Bd5 exd5 26. Nxd5+ Bxd5 27. Rxb6 Kxb6 28. Qd2 Rd8 29. Qxb4+ Kc6 30. Qa5 Rd7 31. b4 Nb7 32. Qa6+ Kc7 33. g3 Be6 34. b5 g6 35. c4 Rd1+ 36. Kc2 Rd7 37. Kc3 Kd8 38. Qa8+ Ke7 39. Qa3+ Kd8 40. Qf8+ Kc7 41. Qa3 Bf5 42. Qa7 Kd8 43. Kb4 Be6 44. Qa8+ Ke7 45. Qb8 Nd8 46. c5 Bd5 47. Ka5 Be4 48. Qb6 Ne6 49. c6 Rc7 50. Kb4 h5 51. Qa6 Nd8 52. Kc5 Nxc6 53. bxc6 Ke6 54. Qa2+ Kf5 55. Kd4 Bxc6 56. e6 Kf6 57. Qa5 Rc8 58. Qe5+ Ke7 59. f5 Be8 60. exf7+ 1-0

[Event "Asia U20 op"]
[Site "Tashkent"]
[Date "2012.06.06"]
[Round "8"]
[White "Yakubboev, Nodirbek"]
[Black "Kozganbay, Erkin"]
[Result "1/2-1/2"]
[WhiteElo "1909"]
[BlackElo "2317"]
[PlyCount "165"]
[EventDate "2012.05.30"]
[EventType "swiss"]
[EventRounds "9"]
[EventCountry "UZB"]
[SourceTitle "CBM 148 Extra"]
[Source "ChessBase"]
[SourceDate "2012.06.22"]
[SourceVersion "1"]
[SourceVersionDate "2012.06.22"]
[SourceQuality "1"]

1. Nf3 c5 2. c4 Nc6 3. Nc3 g6 4. g3 Bg7 5. Bg2 d6 6. 0-0 e5 7. d3 Nge7 8. Ne1 Be6 9. Nc2 d5 10. cxd5 Nxd5 11. Ne3 Nde7 12. Nc4 0-0 13. f4 exf4 14. Bxf4 Nd5 15. Bd2 Rb8 16. a4 Qd7 17. Ne4 Bh3 18. Bxh3 Qxh3 19. Bc3 Nxc3 20. bxc3 Ne5 21. Nxe5 Bxe5 22. Rf3 Qc8 23. Qb3 c4 24. Qb5 Qe6 25. Raf1 cxd3 26. exd3 a6 27. Qb4 Qd5 28. Qc5 Rbd8 29. Qxd5 Rxd5 30. d4 Bg7 31. Rb1 b5 32. Nc5 bxa4 33. Nxa4 Rb5 34. Re1 Rb3 35. Kg2 Ra3 36. Nc5 a5 37. Re7 Ra2+ 38. Rf2 Rxf2+ 39. Kxf2 Ra8 40. Na4 Rc8 41. Ra7 h5 42. Rxa5 Kh7 43. Nc5 Rb8 44. Ra2 g5 45. Ke3 Kg6 46. Ne4 g4 47. Kd3 h4 48. gxh4 Rh8 49. Rg2 Rxh4 50. Nf2 f5 51. h3 Kg5 52. hxg4 fxg4 53. c4 Kf4 54. c5 Kf3 55. Rxg4 Rh7 56. c6 Bh8 57. Rg8 Kxf2 58. Rxh8 Rxh8 59. d5 Kf3 60. c7 Kf4 61. d6 Rh6 62. c8Q Rxd6+ 63. Ke2 Rd4 64. Qf8+ Ke4 65. Qf3+ Ke5 66. Ke3 Rb4 67. Qh5+ Kd6 68. Qg6+ Kc5 69. Qe6 Ra4 70. Qe5+ Kb6 71. Qd6+ Kb5 72. Kd3 Ra7 73. Kd4 Ra1 74. Qc5+ Ka6 75. Qc6+ Ka7 76. Qc2 Ra5 77. Qc7+ Ka6 78. Qb8 Rb5 79. Qc8+ Ka5 80. Qd8+ Kb4 81. Qc7 Ka4 82. Kc3 Rc5+ 83. Qxc5 1/2-1/2

[Event "Asia U20 op"]
[Site "Tashkent"]
[Date "2012.05.30"]
[Round "1"]
[White "Kozganbay, Erkin"]
[Black "Jumanov, Elbek"]
[Result "1-0"]
[WhiteElo "2317"]
[BlackElo "1941"]
[PlyCount "63"]
[EventDate "2012.05.30"]
[EventType "swiss"]
[EventRounds "9"]
[EventCountry "UZB"]
[SourceTitle "CBM 148 Extra"]
[Source "ChessBase"]
[SourceDate "2012.06.22"]
[SourceVersion "1"]
[SourceVersionDate "2012.06.22"]
[SourceQuality "1"]

1. e4 c5 2. Ne2 e6 3. d4 cxd4 4. Nxd4 Nf6 5. Nc3 d6 6. g4 Nc6 7. g5 Nd7 8. Be3 a6 9. Rg1 Nxd4 10. Qxd4 b5 11. a4 bxa4 12. Rxa4 Bb7 13. f3 Ne5 14. Be2 Nc6 15. Qb6 Qxb6 16. Bxb6 h6 17. g6 fxg6 18. Rxg6 Kf7 19. Rg1 Be7 20. Kd2 Rhb8 21. Be3 Bc8 22. b3 Bf6 23. f4 Rb4 24. Nb5 Be7 25. Nc7 Rab8 26. Nxa6 Bxa6 27. Rxa6 Rc8 28. Bc4 Rb7 29. f5 Nd8 30. fxe6+ Nxe6 31. Rf1+ Bf6 32. Rxd6 1-0

[Event "KAZ-ch"]
[Site "Astana"]
[Date "2012.04.13"]
[Round "8"]
[White "Kozganbay, Erkin"]
[Black "Kuderinov, Kirill"]
[Result "0-1"]
[WhiteElo "2293"]
[BlackElo "2490"]
[PlyCount "100"]
[EventDate "2012.04.06"]
[EventType "tourn"]
[EventRounds "13"]
[EventCountry "KAZ"]
[EventCategory "6"]
[SourceTitle "CBM 148 Extra"]
[Source "ChessBase"]
[SourceDate "2012.06.22"]
[SourceVersion "1"]
[SourceVersionDate "2012.06.22"]
[SourceQuality "1"]

1. e4 e5 2. Nf3 Nc6 3. Bb5 a6 4. Ba4 Nf6 5. 0-0 Be7 6. d3 b5 7. Bb3 d6 8. a4 Bg4 9. c3 0-0 10. h3 Bd7 11. Re1 Na5 12. Bc2 c5 13. d4 cxd4 14. cxd4 Qc7 15. axb5 axb5 16. Bg5 Rfc8 17. Bd3 b4 18. Nbd2 h6 19. Be3 Nh7 20. Qb1 Ng5 21. Rc1 Nxf3+ 22. Nxf3 Qb8 23. Rxc8+ Bxc8 24. Qc2 Bd7 25. d5 Bd8 26. Nd2 Qb7 27. Nc4 Nxc4 28. Rxa8 Qxa8 29. Bxc4 Qa5 30. Kh2 Bb6 31. Qd2 Kf8 32. Kg3 Ke7 33. Kf3 f5 34. exf5 Bxf5 35. Bxb6 Qxb6 36. Qe3 Qc5 37. b3 g5 38. Qd2 Kf6 39. Ke2 Qd4 40. Qe3 h5 41. f3 h4 42. Kf2 Bb1 43. Ke2 Bc2 44. Kf2 Bd1 45. Qxd4 exd4 46. Ke1 Bc2 47. Kd2 Bf5 48. Bd3 Bc8 49. Bb5 Ke5 50. Kd3 Bf5+ 0-1

[Event "KAZ-ch"]
[Site "Astana"]
[Date "2012.04.12"]
[Round "7"]
[White "Kostenko, Petr"]
[Black "Kozganbay, Erkin"]
[Result "1/2-1/2"]
[WhiteElo "2482"]
[BlackElo "2293"]
[PlyCount "104"]
[EventDate "2012.04.06"]
[EventType "tourn"]
[EventRounds "13"]
[EventCountry "KAZ"]
[EventCategory "6"]
[SourceTitle "CBM 148 Extra"]
[Source "ChessBase"]
[SourceDate "2012.06.22"]
[SourceVersion "1"]
[SourceVersionDate "2012.06.22"]
[SourceQuality "1"]

1. e4 c5 2. Nf3 d6 3. Nc3 Nc6 4. d4 cxd4 5. Nxd4 Nf6 6. Bg5 Bd7 7. Qd2 h6 8. Be3 Ng4 9. 0-0-0 Nxe3 10. Qxe3 Nxd4 11. Qxd4 Qa5 12. f4 e6 13. f5 0-0-0 14. Bc4 Qc5 15. Rhf1 Qxd4 16. Rxd4 Be7 17. Rd3 Rhf8 18. Ne2 d5 19. exd5 exf5 20. Bb3 Bd6 21. h3 Rde8 22. Kd1 Re7 23. c4 a6 24. Bc2 Kb8 25. Nd4 g6 26. Rd2 Rfe8 27. Bd3 Re3 28. Kc2 Re1 29. Rd1 R1e3 30. Rf3 R3e5 31. g4 fxg4 32. Rxf7 R8e7 33. Rf6 Bc5 34. Nb3 Be3 35. hxg4 Bxg4 36. Rdf1 g5 37. Rxh6 Bd7 38. d6 Rg7 39. Rf8+ Ka7 40. Rh5 Re8 41. Rxe8 Bxe8 42. Rh8 Bc6 43. Bf5 g4 44. d7 Bxd7 45. Bxd7 g3 46. Bh3 g2 47. Bxg2 Rxg2+ 48. Kc3 Bg5 49. Rf8 Bh6 50. Rf7 Bg7+ 51. Kb4 Bxb2 52. Na5 Rg7 1/2-1/2

[Event "KAZ-ch"]
[Site "Astana"]
[Date "2012.04.07"]
[Round "2"]
[White "Kozganbay, Erkin"]
[Black "Erzhanov, Arman"]
[Result "1/2-1/2"]
[WhiteElo "2293"]
[BlackElo "2328"]
[PlyCount "64"]
[EventDate "2012.04.06"]
[EventType "tourn"]
[EventRounds "13"]
[EventCountry "KAZ"]
[EventCategory "6"]
[SourceTitle "CBM 148 Extra"]
[Source "ChessBase"]
[SourceDate "2012.06.22"]
[SourceVersion "1"]
[SourceVersionDate "2012.06.22"]
[SourceQuality "1"]

1. e4 c5 2. Nf3 Nc6 3. Bb5 g6 4. Bxc6 dxc6 5. d3 Bg7 6. h3 Nf6 7. Nc3 Nd7 8. Be3 e5 9. Qd2 Qe7 10. Bh6 Bxh6 11. Qxh6 f6 12. Nd2 Nf8 13. f4 exf4 14. Qxf4 Ne6 15. Qf2 Nd4 16. Nb3 Qe5 17. 0-0 0-0 18. Rae1 Be6 19. Nd1 Rad8 20. Nd2 b6 21. Ne3 Bc8 22. Qh4 Nxc2 23. Nxc2 Qxb2 24. Rc1 Rxd3 25. Nf3 Ba6 26. Qh6 Rfd8 27. Rf2 Rd2 28. Nxd2 Qxc1+ 29. Kh2 Qxc2 30. Rxf6 Qc3 31. Qf4 Re8 32. Nf3 Bc4 1/2-1/2

[Event "KAZ-ch"]
[Site "Astana"]
[Date "2012.04.06"]
[Round "1"]
[White "Kozganbay, Erkin"]
[Black "Akkozov, Berik"]
[Result "1-0"]
[WhiteElo "2293"]
[BlackElo "2363"]
[PlyCount "75"]
[EventDate "2012.04.06"]
[EventType "tourn"]
[EventRounds "13"]
[EventCountry "KAZ"]
[EventCategory "6"]
[SourceTitle "CBM 148 Extra"]
[Source "ChessBase"]
[SourceDate "2012.06.22"]
[SourceVersion "1"]
[SourceVersionDate "2012.06.22"]
[SourceQuality "1"]

1. e4 c5 2. Nf3 d6 3. Bb5+ Nd7 4. d4 cxd4 5. Qxd4 e5 6. Qd3 a6 7. Bxd7+ Bxd7 8. c4 Rc8 9. Nc3 Qc7 10. Nd2 Nf6 11. a4 Be7 12. 0-0 0-0 13. b3 Be6 14. Rd1 Nh5 15. Nf1 f5 16. Nd5 Bxd5 17. Qxd5+ Kh8 18. exf5 Rxf5 19. Be3 Rcf8 20. Ng3 Nf4 21. Bxf4 Rxf4 22. Ne4 Qc6 23. Qxc6 bxc6 24. f3 Rd8 25. Rd3 d5 26. cxd5 cxd5 27. Rad1 d4 28. Rc1 a5 29. Rc6 Rff8 30. Re6 Bf6 31. Nc5 Kg8 32. Kf1 Ra8 33. Ne4 Kf7 34. Rb6 Rfd8 35. Rb5 Ke6 36. Ng3 Rdb8 37. Rxb8 Rxb8 38. Ke2 1-0